000 00994cam a2200253 4500
008 040128n2004 000 0 eng u
020 _a1873394667
035 _a(Sirsi) u124934
041 _aeng
050 _a690
_c18
100 _aSmith, Percy
245 _aRivington's building construction
260 _aShaftesbury
_bDonhead
_c2004
300 _a3
_fv. (346; xviii, 422; 520p.)
_bill.
_c25cm.
350 _a99.50
490 _aRivington's Series of Notes on Building Construction
520 _aThis three volume work provides a comprehensive appraisal of the forms, methods and materials used in building construction. This edition was originally published in 1904 to meet the requirements of the syllabus of the Board of Education, South Kensington.
650 _aBUILT ENVIRONMENT-BUILDING MATERIALS
650 _aCONSTRUCTION METHODS
650 _aCONSTRUCTION TECHNIQUES
650 _aBUILT ENVIRONMENT-BUILDING MATERIALS
690 _aBUILT ENVIRONMENT
942 _n0
999 _c103315
_d103315